Peter Norton's complete guide to window's 95 (Record no. 53380)

MARC details
000 -LEADER
fixed length control field 00415nam a2200133 4500
020 ## - INTERNATIONAL STANDARD BOOK NUMBER
International Standard Book Number 8120311108
082 ## - DEWEY DECIMAL CLASSIFICATION NUMBER
Classification number 001.6425W
Item number NOR
100 ## - MAIN ENTRY--PERSONAL NAME
Personal name Norton, Peter
245 ## - TITLE STATEMENT
Title Peter Norton's complete guide to window's 95
Statement of responsibility, etc. Peter Norton
260 ## - PUBLICATION, DISTRIBUTION, ETC.
Place of publication, distribution, etc. New Delhi
Name of publisher, distributor, etc. Prentice-Hall of India
Date of publication, distribution, etc. 1995
300 ## - PHYSICAL DESCRIPTION
Extent xxviii,814p.: col.,ill.; 24cm.
650 ## - SUBJECT ADDED ENTRY--TOPICAL TERM
Topical term or geographic name entry element WINDOWS 95 (Computer Programs)
650 ## - SUBJECT ADDED ENTRY--TOPICAL TERM
Topical term or geographic name entry element Utilities (Computer Programs)
Holdings
Withdrawn status Lost status Damaged status Not for loan Collection code Home library Current library Date acquired Total Checkouts Full call number Barcode Date last seen Copy number Price effective from Koha item type
          North Eastern Hill University North Eastern Hill University 24/11/2011   001.6425W NOR 168399 11/02/2026 Maths 24/11/2011 Books